01331 2200289 4500001002100000005001500021035002000036007000300056008004100059020001800100082001100118084001700129100002900146245007000175250002000245300003800265500052000303740005300823264003000876336002100906337003000927338002300957650001300980600001600993990001601009990001601025INLIS00000000000002420260410120728 a0010-0426000023ta260410 g 0 ind  a9789792931976 a006.68 a006.68 WES k0 aWestriningsihePengarang1 aKreasi cantik desain suvenir dengan coreldraw x5 /cWestriningsih acetakan pertama a250 halaman :bilustrasi ;c23 cm aSuvenir sudah menjadi tren tersendiri di era kemajuan ini. Banyak orang mencari suvenir yang unik untuk dijadikan sebagai hadiah, kenang-kenangan, atau untuk keperluan promosi. Seni pembuatan suvenir adalah unik, artistik, dan minimalis. Ciri khas desain suvenir terletak pada penggunaan warna-warna terang, cerah, dan kombinasi warna komplementer (seperti merah, hijau, orange, atau ungu). Desain garis yang digoreskan pun terkesan lentur. Begitu pula pada penggunaan font yang dipilih dengan ornamen-ornamen unik. aKreasi cantik desain suvenir dengan coreldraw x5 aYogyakarta :bANDI,c2012 2rdacontentateks 2rdamediaatanpa perantara 2rdacarrieravolume 4aKomputer 4aPemrograman aPP000054/19 aPP000055/19